कालगणना / (Record no. 22387)

MARC details
000 -LEADER
fixed length control field 00989nam a22002417a 4500
008 - FIXED-LENGTH DATA ELEMENTS--GENERAL INFORMATION
fixed length control field 081007t xxu||||| |||| 00| 0 mar
010 ## - LCCN (DPL NO)
LC control number MAR-20041
020 ## - INTERNATIONAL STANDARD BOOK NUMBER
Terms of availability 200.00
035 ## - SYSTEM CONTROL NUMBER
System control number MR-12699
037 ## - SOURCE OF ACQUISITION
Source of stock number/acquisition DBAD / PUB
040 ## - CATALOGING SOURCE
Original cataloging agency dpl
Language of cataloging MR
082 ## - DEWEY DECIMAL CLASSIFICATION NUMBER
Classification number 528
100 ## - MAIN ENTRY--PERSONAL NAME
Personal name आपटे, मोहन
245 ## - TITLE STATEMENT
Title कालगणना /
Statement of responsibility, etc मोहन आपटे
246 ## - VARYING FORM OF TITLE
Title proper/short title Kalganana
Remainder of title by Mohan Apte
260 ## - PUBLICATION, DISTRIBUTION, ETC. (IMPRINT)
Place of publication, distribution, etc पुणे
Name of publisher, distributor, etc राजहंस प्रकाशन
Date of publication, distribution, etc 2008
270 ## - ADDRESS
Address 1025, सदाशिव पेठ
City पुणे
Postal code 411030
Telephone number 020-24473459
Fax number 24433719
Electronic mail address rajhans1@pn2.vsnl.net.in
300 ## - PHYSICAL DESCRIPTION
Extent सात,237पृ
Dimensions 23 सेमी (अजिल्द)
Other physical details सचित्र
650 ## - SUBJECT ADDED ENTRY--TOPICAL TERM
Source of heading or term पंचाग
650 ## - SUBJECT ADDED ENTRY--TOPICAL TERM
Source of heading or term Almanacs
942 ## - ADDED ENTRY ELEMENTS (KOHA)
Source of classification or shelving scheme Dewey Decimal Classification
Item type Marathi Books
Call number suffix आपटे
Classification part 528
Holdings
Withdrawn status Lost status Source of classification or shelving scheme Damaged status Not for loan Collection code Home library Current library Date acquired Source of acquisition Cost, normal purchase price Total Checkouts Full call number Barcode Date last seen Copy number Cost, replacement price Koha item type
    Dewey Decimal Classification   Not For Loan Non-fiction D.B.Act.Division D.B.Act.Division 25/03/2009 DBAD / PUB 200.00   528 आपटे MR-12699 25/03/2009 1 200.00 Marathi Books

© Delhi Public Library
Hit Counter
free hit counter